| 000 | 00791nam a2200289 a 4500 | ||
|---|---|---|---|
| 003 | AR-BaBNM | ||
| 005 | 20251128203453.0 | ||
| 008 | 082120s2002 ||||||||||||||000 | spa|| | ||
| 040 | _cAR-BaBNM | ||
| 100 | 1 | _aLevene, Ricardo | |
| 245 | 0 | 0 |
_aInvestigaciones acerca de la historia económica del Virreinato del Plata _n1 |
| 260 |
_aLa Plata _bUniversidad de La Plata _c1927 |
||
| 300 | _a324 p. | ||
| 490 | 0 |
_aBiblioteca humanidades _vv. 8 |
|
| 650 | 4 | _aHISTORIA ARGENTINA | |
| 650 | 4 | _aHISTORIA ECONOMICA | |
| 650 | 4 | _aIDEOLOGIAS | |
| 650 | 4 | _aSIGLO DIECIOCHO | |
| 650 | 4 | _aPERIODO HISPANICO | |
| 650 | 4 | _aSIGLO DIECISIETE | |
| 650 | 4 | _aMONEDA | |
| 650 | 4 | _aHISTORIA DE LAS IDEAS | |
| 650 | 4 | _aCOMERCIO | |
| 653 | _aREFORMAS BORBONICAS | ||
| 942 | _cBK | ||
| 998 | _cMariana | ||
| 999 |
_c3533 _d3533 |
||